Normal view MARC view
  • Bentley, John P.,

Entry Personal Name

Number of records used in: 2

001 - CONTROL NUMBER

  • control field: 86864

003 - CONTROL NUMBER IDENTIFIER

  • control field: NUST

005 - DATE AND TIME OF LATEST TRANSACTION

  • control field: 20211221112509.0

008 - FIXED-LENGTH DATA ELEMENTS

  • fixed length control field: 211221|| aca||aabn | a|a d

040 ## - CATALOGING SOURCE

  • Original cataloging agency: NUST
  • Transcribing agency: NUST

100 ## - HEADING--PERSONAL NAME

  • Personal name: Bentley, John P.,
  • Dates associated with a name: 1943-

670 ## - SOURCE DATA FOUND

  • Source citation: Work cat.: (NUST)33363: Bentley, John P., 1943-, Principles of measurement systems /, 1995.
© 2023 Central Library, National University of Sciences and Technology. All Rights Reserved.